00620nam a2200193Ia 4500008004100000020000700041082001700048100002000065245003900085250000800124260004200132300003000174500001900204600002700223650001500250942000700265952013700272999001700409240925s9999 xx 000 0 und d aNA a621.3811 AGG aAggarwal, K. K. 0aControl System Analysis and Design a1st aNew Delhi:bKhanna Publishersc,2014. axxxii, 510p.b0fOriginal aIncludes Index aElectronic Engineering aTechnology cBK 001040708ELaUITUbUITUd2016-06-29eParamount Book Pvt Ltdg492.90l0o621.3811 AGGpQ10882r2024-09-25 07:15:52w2024-09-25yBK c13381d13381